BIBLIOTECA

SENCICO

Thesaurus of engineering terms : (Registro nro. 109)

Detalles MARC
000 -LEADER
fixed length control field 00719nam a2200205Ia 4500
003 - CONTROL NUMBER IDENTIFIER
control field PE SENCICO BE
005 - DATE AND TIME OF LATEST TRANSACTION
control field 20251020182426.0
008 - FIXED-LENGTH DATA ELEMENTS--GENERAL INFORMATION
fixed length control field 200515s9999 xx 000 0 und d
040 ## - CATALOGING SOURCE
Original cataloging agency PE SENCICO BE
Transcribing agency PE SENCICO BE
041 ## - LANGUAGE CODE
Language code of text/sound track or separate title spa
082 ## - DEWEY DECIMAL CLASSIFICATION NUMBER
Classification number R 025.48
Item number E6
110 1# - MAIN ENTRY--CORPORATE NAME
Corporate name or jurisdiction name as entry element Engineers Joint Council
9 (RLIN) 2251
245 10 - TITLE STATEMENT
Title Thesaurus of engineering terms :
Remainder of title a list of engineering terms and their relation-ships for use in vocabulary control in indexing retrieving engineering information /
Statement of responsibility, etc. Engineers Joint Council
250 ## - EDITION STATEMENT
Edition statement 1st ed.
260 ## - PUBLICATION, DISTRIBUTION, ETC.
Place of publication, distribution, etc. New York :
Name of publisher, distributor, etc. Engineers Joint Council ;
Date of publication, distribution, etc. 1964
300 ## - PHYSICAL DESCRIPTION
Extent 300 p. :
Other physical details 30 cm.
650 10 - SUBJECT ADDED ENTRY--TOPICAL TERM
Topical term or geographic name entry element Tesauros
9 (RLIN) 2252
650 20 - SUBJECT ADDED ENTRY--TOPICAL TERM
Topical term or geographic name entry element Ingeniería
9 (RLIN) 1310
942 ## - ADDED ENTRY ELEMENTS (KOHA)
Koha item type Libros
Source of classification or shelving scheme Dewey Decimal Classification
Existencias
Fecha de la última vez que lo usaron Número de ingreso o de inventario Pago total Signatura topográfica completa Código de barras Precio efectivo desde Tipo de documento Estado perdido Sistema de clasificación Estado dañado No es para préstamo Retirado Ubicación permanente Ubicación actual Fecha de adquisición
15/05/2020 979   R/025.48/E6 BibLima24060007 15/05/2020 Libros   Dewey Decimal Classification       Biblioteca Central Lima Biblioteca Central Lima 15/05/2020